000 00601cam a2200241 4500
001 J3644
008 090401t1996 xxu||||| |||| 00| 0 eng d
035 _a(Sirsi) u56216
041 _aeng
050 _a333.33709421
110 _aGrimley
_92421
245 _aCentral London office commentary. - Spring 1996 - Autumn 1996
260 _aLondon
_bGrimley
_c1996
300 _a2 pt. ; 30cm.
350 _a0
650 _aCITY OF LONDON
650 _aOFFICES
650 _aRENT
650 _aWEST END OF LONDON
690 _aPROPERTY-COMMERCIAL PROPERTY
942 _n0
948 _c04/03/1997
999 _c93743
_d93743